[Event "26. Schweinfurt Open"]
[Site "Schweinfurt"]
[Date "2016.05.29"]
[Round "7.9"]
[White "Amtmann, Florian"]
[Black "Kilian, Markus"]
[Result "1/2-1/2"]
[WhiteElo "2170"]
[BlackElo "1954"]
[PlyCount "141"]
[EventDate "2016.??.??"]
[WhiteTeam "Spvgg Stetten"]
[BlackTeam "SV Würzburg"]

1. e4 g6 2. d4 Bg7 3. Nc3 d6 4. Be3 a6 5. f4 b5 6. a4 b4 7. Na2 a5 8. c4 Nf6 9.
e5 Ng4 10. Qf3 Nxe3 11. Qxe3 c5 12. dxc5 dxe5 13. fxe5 Qc7 14. Nf3 Bg4 15. Nc1
Nd7 16. Nd3 Rc8 17. c6 Qxc6 18. Nd4 Qb6 19. b3 O-O 20. Qe4 Be6 21. Nxe6 Qxe6
22. O-O-O Nc5 23. Nxc5 Rxc5 24. Rd5 Bxe5 25. Kb1 Rxd5 26. cxd5 Qd6 27. Bc4 Bg7
28. Ka2 Qf6 29. Qe2 Kh8 30. Rb1 Qd4 31. Qd3 Qf2+ 32. Qe2 Qd4 33. Qd3 Qe5 34. g3
f5 35. Qe2 Qd4 36. Qd3 Qf2+ 37. Qe2 Qd4 38. Qd3 Qf6 39. Qe2 f4 40. gxf4 Qxf4
41. Rf1 Qd4 42. Rxf8+ Bxf8 43. Qb2 Bg7 44. Qxd4 Bxd4 45. Kb1 Kg7 46. Kc2 Kf6
47. Ba6 Ke5 48. Bb7 Bg1 49. h3 Kd4 50. Bc6 g5 51. Bb7 h5 52. Bc6 Bh2 53. Bb7
Bd6 54. Ba6 g4 55. hxg4 hxg4 56. Kd2 g3 57. Ke2 Kxd5 58. Kd3 Ke5 59. Bb7 Kf4
60. Bg2 e5 61. Bh1 Bc7 62. Bc6 Kg4 63. Ke2 Bd6 64. Ke3 Bc7 65. Kd3 Kf4 66. Bh1
Bd6 67. Bc6 Kg5 68. Bb7 Kg4 69. Bg2 Kf4 70. Bh1 Kg4 71. Bg2 1/2-1/2

[Event "26. Schweinfurt Open"]
[Site "Schweinfurt"]
[Date "2016.05.29"]
[Round "7.10"]
[White "Engesser, Jonas"]
[Black "Schmidt, Markus"]
[Result "1-0"]
[WhiteElo "2060"]
[BlackElo "1901"]
[PlyCount "63"]
[EventDate "2016.??.??"]
[WhiteTeam "SK Engen"]
[BlackTeam "Stuttgarter SF"]

1. e4 c5 2. Nf3 d6 3. d4 cxd4 4. Nxd4 Nf6 5. Nc3 a6 6. Qf3 Nbd7 7. h3 g6 8. g4
Bg7 9. Be3 Ne5 10. Qg2 Qc7 11. O-O-O b5 12. Kb1 b4 13. Nd5 Nxd5 14. exd5 Bd7
15. Qe4 O-O 16. f4 f5 17. gxf5 Bxf5 18. Nxf5 gxf5 19. Qg2 Ng6 20. h4 Kf7 21. h5
Nh8 22. Bd3 Qc8 23. Qh3 e6 24. dxe6+ Kxe6 25. Rhe1 Ke7 26. Bd4+ Kf7 27. Bxg7
Kxg7 28. Qg2+ Ng6 29. hxg6 hxg6 30. Re7+ Rf7 31. Rxf7+ Kxf7 32. Qd5+ 1-0

[Event "26. Schweinfurt Open"]
[Site "Schweinfurt"]
[Date "2016.05.29"]
[Round "7.11"]
[White "Froitzheim, Ralf"]
[Black "Neubauer, Jaro"]
[Result "1/2-1/2"]
[WhiteElo "1873"]
[BlackElo "1986"]
[PlyCount "25"]
[EventDate "2016.??.??"]
[WhiteTeam "SG Niederkassel"]
[BlackTeam "SK Schweinfurt"]

1. c4 c5 2. g3 Nc6 3. Bg2 Nf6 4. Nc3 e6 5. Nf3 d5 6. cxd5 Nxd5 7. O-O Be7 8.
Nxd5 Qxd5 9. d3 e5 10. Ng5 Qd8 11. Ne4 f5 12. Nc3 Be6 13. f4 1/2-1/2

[Event "26. Schweinfurt Open"]
[Site "Schweinfurt"]
[Date "2016.05.29"]
[Round "7.12"]
[White "Maar, Samuel"]
[Black "Petersen, Steffen"]
[Result "1/2-1/2"]
[WhiteElo "1910"]
[BlackElo "1867"]
[PlyCount "69"]
[EventDate "2016.??.??"]
[WhiteTeam "SC Kaufungen"]
[BlackTeam "Skakforeningen Odysseus"]

1. e4 e5 2. Nf3 Nc6 3. Bc4 Be7 4. d4 d6 5. c3 Nf6 6. Qa4 O-O 7. Nbd2 exd4 8.
cxd4 Nxe4 9. Nxe4 d5 10. Neg5 Bb4+ 11. Bd2 Bxd2+ 12. Kxd2 dxc4 13. Qc2 g6 14.
Qxc4 Bg4 15. Rae1 h6 16. h3 Bxf3 17. Nxf3 Qf6 18. Kc1 Rfd8 19. Re4 Na5 20. Qc3
b6 21. Rhe1 Nb7 22. Ne5 c5 23. Ng4 Qg7 24. Qf3 cxd4 25. Nf6+ Kh8 26. Ne8 Qf8
27. Re7 Rxe8 28. Qxb7 Rxe7 29. Rxe7 Kg8 30. Kd2 d3 31. a3 Re8 32. Rxe8 Qxe8 33.
Kxd3 Qb5+ 34. Kc3 Qc5+ 35. Kb3 1/2-1/2

[Event "26. Schweinfurt Open"]
[Site "Schweinfurt"]
[Date "2016.05.29"]
[Round "7.13"]
[White "Tsiapouris, Michael"]
[Black "Eichenauer, Pascal"]
[Result "1/2-1/2"]
[WhiteElo "1911"]
[BlackElo "1857"]
[PlyCount "56"]
[EventDate "2016.??.??"]
[WhiteTeam "SC Tarrasch München"]
[BlackTeam "SV Würzburg"]

1. Nf3 Nf6 2. c4 g6 3. g3 Bg7 4. Bg2 O-O 5. O-O d6 6. Nc3 c5 7. Rb1 Nc6 8. a3
a5 9. Ne1 Bf5 10. d3 Qd7 11. Nc2 a4 12. Ne3 Nd4 13. Nxf5 Nxf5 14. e3 e6 15. Qc2
d5 16. Nb5 Ng4 17. Bd2 d4 18. e4 Ne7 19. h3 Ne5 20. f4 N5c6 21. Rbe1 e5 22. Re2
f5 23. Ref2 Kh8 24. Qd1 Ng8 25. Kh2 Nf6 26. exf5 gxf5 27. fxe5 Nxe5 28. Bf4 Ne8
1/2-1/2

[Event "26. Schweinfurt Open"]
[Site "Schweinfurt"]
[Date "2016.05.29"]
[Round "7.14"]
[White "Brodt, Andreas"]
[Black "Scheifele, Paul"]
[Result "0-1"]
[WhiteElo "1853"]
[BlackElo "1286"]
[PlyCount "100"]
[EventDate "2016.??.??"]
[WhiteTeam "SK Schweinfurt"]
[BlackTeam "Aschaffenburg-Schweinheim"]

1. d4 d5 2. c4 c6 3. Nc3 Nf6 4. Nf3 Bf5 5. Ne5 h6 6. e3 e6 7. Bd3 Bxd3 8. Qxd3
Nbd7 9. Bd2 Qc7 10. f4 a6 11. c5 Be7 12. h3 g5 13. O-O-O a5 14. e4 a4 15. exd5
Nxd5 16. Nxd5 cxd5 17. Kb1 Nxe5 18. fxe5 Qc6 19. a3 b6 20. cxb6 Qxb6 21. Rc1
Rb8 22. Rc2 Kf8 23. g4 Kg7 24. Rh2 Rhc8 25. Bc1 Rxc2 26. Rxc2 Qb3 27. Rc3 Qb6
28. Qe3 Kg6 29. Qd3+ Kg7 30. Qd1 Qa7 31. Qd2 Qb6 32. h4 Qa7 33. hxg5 Bxg5 34.
Qf2 Qe7 35. Bxg5 Qxg5 36. Rf3 Qg6+ 37. Ka2 Rf8 38. g5 hxg5 39. Rc3 f6 40. Rf3
g4 41. Rf4 f5 42. Qg3 Qh5 43. Rf2 Rc8 44. Qf4 Kg6 45. Rh2 Qg5 46. Qg3 Rc1 47.
Rh8 Kg7 48. Qh2 Qg6 49. Qh4 f4 50. Qd8 Qb1# 0-1

[Event "26. Schweinfurt Open"]
[Site "Schweinfurt"]
[Date "2016.05.29"]
[Round "7.15"]
[White "Peuckert, Rüdiger"]
[Black "Drewes, Thomas"]
[Result "1-0"]
[WhiteElo "1818"]
[BlackElo "1844"]
[PlyCount "93"]
[EventDate "2016.??.??"]
[WhiteTeam "SK Schweinfurt"]
[BlackTeam "SV Würzburg"]

1. e4 e5 2. Bc4 Be7 3. Nc3 d6 4. Nf3 Nf6 5. d4 exd4 6. Nxd4 O-O 7. O-O Nxe4 8.
Bxf7+ Rxf7 9. Nxe4 d5 10. Ng3 c5 11. Nde2 Nc6 12. c3 b6 13. Be3 Ne5 14. Nf4 d4
15. cxd4 cxd4 16. Bxd4 Ng4 17. Nh3 Bb4 18. a3 Rd7 19. Qb3+ Kh8 20. Bxg7+ Rxg7
21. Qxb4 Bb7 22. Rad1 Qe7 23. Qd4 Qe5 24. Qxe5 Nxe5 25. Rd4 Rag8 26. Rfd1 h6
27. Nf4 Ng6 28. Nxg6+ Rxg6 29. Rd8 R6g7 30. f3 Kh7 31. Rxg8 Kxg8 32. Rd8+ Kh7
33. Kf2 Ba6 34. Ne4 Rc7 35. Ke3 Bf1 36. g4 Rf7 37. h4 Bg2 38. Rd7 Rxd7 39. Nf6+
Kg6 40. Nxd7 Bf1 41. f4 Bh3 42. f5+ Kg7 43. Kf4 Kf7 44. g5 Kg7 45. f6+ Kg8 46.
Ne5 hxg5+ 47. hxg5 1-0

[Event "26. Schweinfurt Open"]
[Site "Schweinfurt"]
[Date "2016.05.29"]
[Round "7.16"]
[White "Blank, Stefan"]
[Black "Meyer, Thorlejf"]
[Result "1-0"]
[WhiteElo "1821"]
[BlackElo "1839"]
[PlyCount "75"]
[EventDate "2016.??.??"]
[WhiteTeam "SC Sulzbach"]
[BlackTeam "Skakforeningen Odysseus"]

1. e4 c5 2. Nf3 Nc6 3. d3 g6 4. g3 Bg7 5. Bg2 Nf6 6. O-O d6 7. c3 O-O 8. h3 Rb8
9. Nh4 e6 10. f4 d5 11. e5 Nd7 12. Qe1 Ne7 13. g4 Qb6 14. Qg3 h6 15. Rf2 Kh8
16. Nf3 Nc6 17. h4 Rg8 18. h5 gxh5 19. g5 Ne7 20. Qh2 Nf5 21. Qxh5 Qd8 22. Bh3
Qe8 23. Bxf5 exf5 24. Rh2 Qe6 25. Kf2 Bf8 26. Be3 b5 27. Nbd2 Rb6 28. Rah1 b4
29. cxb4 d4 30. Bxd4 cxd4 31. Nxd4 Qd5 32. N2f3 Ba6 33. Nxf5 Bxd3 34. Qg4 Qe6
35. N3d4 Bxf5 36. Nxf5 Nxe5 37. fxe5 Rxg5 38. Qxg5 1-0

[Event "26. Schweinfurt Open"]
[Site "Schweinfurt"]
[Date "2016.05.29"]
[Round "7.17"]
[White "Müller, Gerhard"]
[Black "Beyersdorf, Gunter"]
[Result "1-0"]
[WhiteElo "1835"]
[BlackElo "1797"]
[PlyCount "159"]
[EventDate "2016.??.??"]
[WhiteTeam "SC Bad Königshofen"]
[BlackTeam "SC Bad Königshofen"]

1. e4 c5 2. Nf3 d6 3. Be2 Nc6 4. c3 Nf6 5. d3 g6 6. h3 Bg7 7. O-O O-O 8. Nbd2
Nh5 9. Ne1 Nf4 10. Bf3 e5 11. Nc4 Be6 12. Bg4 f5 13. Be2 b5 14. Bxf4 exf4 15.
Nd2 b4 16. Qc2 Qa5 17. Nb3 Qc7 18. Nf3 Kh8 19. a3 Rab8 20. Nbd2 bxc3 21. bxc3
fxe4 22. Nxe4 Bb3 23. Qc1 Bg8 24. Rb1 Rxb1 25. Qxb1 Ne5 26. Nxe5 Bxe5 27. Qc2
d5 28. Nd2 Qa5 29. Nb3 Qa4 30. d4 cxd4 31. Nxd4 Qxc2 32. Nxc2 Bxc3 33. Rd1 Rb8
34. Bf3 Rb2 35. Nd4 Rd2 36. Nb5 d4 37. Nxa7 Bb3 38. Rxd2 Bxd2 39. Nc6 Bc3 40.
Be4 Kg7 41. Ne5 Kf6 42. Nd3 Bc4 43. f3 Bd2 44. Kf1 h6 45. Ke2 Be3 46. a4 Ba6
47. Kd1 Ke7 48. Nc5 Bc4 49. a5 d3 50. Nxd3 g5 51. Kc2 Kd6 52. Kc3 Bd5 53. Bf5
Kc7 54. Ne5 Bf2 55. Ng4 Be1+ 56. Kd4 Kd6 57. a6 h5 58. Nf6 Bf2+ 59. Kc3 Be1+
60. Kd4 Bf2+ 61. Kd3 h4 62. Nh7 Ba2 63. Ke2 Ke5 64. Be4 Bc5 65. Nxg5 Kf6 66.
Nh7+ Kg7 67. Bd3 Bd5 68. Ng5 Kf6 69. Ne4+ Bxe4 70. fxe4 Ke5 71. Kf3 Bd4 72. g3
hxg3 73. h4 Kf6 74. Bf1 Kg6 75. Kg4 Kf6 76. h5 Be3 77. e5+ Kf7 78. h6 Kg6 79.
e6 Kxh6 80. e7 1-0

[Event "26. Schweinfurt Open"]
[Site "Schweinfurt"]
[Date "2016.05.29"]
[Round "7.18"]
[White "Ornebjerg, Henrik"]
[Black "Heller, Thomas"]
[Result "1-0"]
[WhiteElo "1666"]
[BlackElo "1828"]
[PlyCount "55"]
[EventDate "2016.??.??"]
[WhiteTeam "Skakforeningen Odysseus"]
[BlackTeam "SV Bergtheim"]

1. e4 c5 2. Nf3 Nc6 3. d4 cxd4 4. Nxd4 Nxd4 5. Qxd4 e6 6. Be3 Qf6 7. Nc3 Qxd4
8. Bxd4 a6 9. Bd3 d6 10. O-O Ne7 11. f4 Nc6 12. Bb6 Be7 13. a3 O-O 14. Rad1 Bd8
15. Na4 Be7 16. Be2 e5 17. f5 f6 18. Bc7 Nd4 19. Bc4+ Kh8 20. Nb6 Ra7 21. a4
Nxc2 22. Rf3 Nd4 23. Rh3 g6 24. g4 g5 25. Bd5 Ne2+ 26. Kf2 Nf4 27. Rc3 Kg7 28.
Bb8 1-0

[Event "26. Schweinfurt Open"]
[Site "Schweinfurt"]
[Date "2016.05.29"]
[Round "7.19"]
[White "Neudecker, Georg"]
[Black "Millgramm, Stephan"]
[Result "0-1"]
[WhiteElo "1876"]
[BlackElo "1774"]
[PlyCount "146"]
[EventDate "2016.??.??"]
[WhiteTeam "SV Walsdorf"]
[BlackTeam "Flensburger SK"]

1. d4 Nf6 2. c4 e6 3. Nc3 Bb4 4. a3 Bxc3+ 5. bxc3 b6 6. Bg5 Bb7 7. e3 h6 8. Bh4
d6 9. Nf3 g5 10. Bg3 Ne4 11. Qc2 Nxg3 12. hxg3 Bxf3 13. gxf3 Nd7 14. Bd3 Nf6
15. a4 a5 16. e4 e5 17. Qd2 Nd7 18. Rd1 Qf6 19. Qe3 O-O-O 20. Rb1 h5 21. c5
dxc5 22. Ba6+ Kb8 23. dxc5 Ka7 24. cxb6+ cxb6 25. Bb5 Nc5 26. Ke2 h4 27. Rbd1
hxg3 28. Rhg1 Ne6 29. fxg3 Rh2+ 30. Kf1 g4 31. Be2 gxf3 32. Qxf3 Qxf3+ 33. Bxf3
Rc2 34. Rh1 Rxc3 35. Kf2 Kb7 36. Rh5 Nd4 37. Bg4 f6 38. Rh7+ Rc7 39. Rh6 Rf7
40. Bh5 Rff8 41. Rh7+ Kc6 42. Bf7 Kc5 43. Bd5 f5 44. Ke3 f4+ 45. Kf2 fxg3+ 46.
Kxg3 Ne2+ 47. Kg4 Kb4 48. Re7 Nc3 49. Rxe5 Nxd5 50. Rexd5 Rxd5 51. Rxd5 Kxa4
52. e5 Kb4 53. e6 a4 54. Kg5 a3 55. e7 Re8 56. Kf6 a2 57. Rd1 Kb3 58. Kf7 Rh8
59. e8=Q Rxe8 60. Kxe8 Kc2 61. Rg1 b5 62. Rg2+ Kb1 63. Rg1+ Kb2 64. Rg2+ Kb3
65. Rg3+ Ka4 66. Rg7 b4 67. Kd8 Ka3 68. Rg1 b3 69. Kc7 b2 70. Rg3+ Kb4 71. Rg4+
Kc5 72. Rg5+ Kd4 73. Rg4+ Ke5 0-1

[Event "26. Schweinfurt Open"]
[Site "Schweinfurt"]
[Date "2016.05.29"]
[Round "7.20"]
[White "Völker, Joachim"]
[Black "Weineck, Ekkehard"]
[Result "1-0"]
[WhiteElo "1777"]
[BlackElo "1606"]
[PlyCount "67"]
[EventDate "2016.??.??"]
[WhiteTeam "SK Schweinfurt"]
[BlackTeam "SV Würzburg"]

1. d4 d5 2. c4 c6 3. Nf3 Nf6 4. e3 e6 5. Nc3 Bd6 6. Bd3 O-O 7. O-O Nbd7 8. e4
dxe4 9. Nxe4 Nxe4 10. Bxe4 Be7 11. Bd2 Nf6 12. Bd3 c5 13. Bc3 cxd4 14. Nxd4 b6
15. Nc6 Qc7 16. Nxe7+ Qxe7 17. Qe2 Bb7 18. a3 Rfe8 19. Rad1 e5 20. Bc2 a5 21.
Ba4 Red8 22. Qxe5 Qxe5 23. Bxe5 Rdc8 24. Bb5 Bc6 25. Rd6 Bxb5 26. cxb5 Ne4 27.
Rxb6 Nd2 28. Re1 Nc4 29. Rc6 Rxc6 30. bxc6 Rc8 31. c7 f6 32. Bg3 Nxb2 33. Kf1
Kf7 34. Rb1 1-0

[Event "26. Schweinfurt Open"]
[Site "Schweinfurt"]
[Date "2016.05.29"]
[Round "7.21"]
[White "Ley, Reinhard"]
[Black "Wenkheimer, Rolf"]
[Result "1-0"]
[WhiteElo "1759"]
[BlackElo "1637"]
[PlyCount "53"]
[EventDate "2016.??.??"]
[WhiteTeam "SV Siershahn"]
[BlackTeam "SC Kitzingen"]

1. d4 d5 2. Nf3 Nf6 3. e3 e6 4. Bd3 c5 5. c3 Nc6 6. Nbd2 c4 7. Bc2 b5 8. e4
dxe4 9. Nxe4 Nd5 10. O-O Be7 11. Re1 a5 12. Bg5 h6 13. Bxe7 Qxe7 14. Nc5 O-O
15. Ne5 Nxe5 16. Rxe5 Nf6 17. Qf3 Ra7 18. Rae1 Nd7 19. Nxd7 Qxd7 20. a3 b4 21.
axb4 axb4 22. cxb4 Qxd4 23. Qc3 Qxc3 24. bxc3 Rd8 25. Rc5 Ra2 26. Bb1 Bb7 27.
Bxa2 1-0

[Event "26. Schweinfurt Open"]
[Site "Schweinfurt"]
[Date "2016.05.29"]
[Round "7.22"]
[White "Markwardt, Sven"]
[Black "Grünewald, Elmar"]
[Result "1/2-1/2"]
[WhiteElo "1748"]
[BlackElo "1626"]
[PlyCount "52"]
[EventDate "2016.??.??"]
[WhiteTeam "SK Schweinfurt"]
[BlackTeam "SK Schweinfurt"]

1. Nf3 Nc6 2. d4 d5 3. Bf4 Bf5 4. a3 Nf6 5. h3 h6 6. e3 a6 7. c4 e6 8. Nc3 Bd6
9. Ne5 Na7 10. Qb3 Rb8 11. cxd5 exd5 12. Be2 c6 13. O-O O-O 14. Rfc1 Be6 15.
Na4 Qe7 16. Nc5 Rfe8 17. a4 Qc7 18. Qd3 Nc8 19. Bf3 Nd7 20. Nxe6 Rxe6 21. Bxd5
Re7 22. Nxf7 Rxf7 23. Qg6 Nf6 24. Bxf7+ Qxf7 25. Qxf7+ Kxf7 26. Bxd6 Nxd6
1/2-1/2

[Event "26. Schweinfurt Open"]
[Site "Schweinfurt"]
[Date "2016.05.29"]
[Round "7.23"]
[White "Wiemann, Vanessa"]
[Black "Hansen, Klaus Bjerre"]
[Result "0-1"]
[WhiteElo "1297"]
[BlackElo "1736"]
[PlyCount "118"]
[EventDate "2016.??.??"]
[WhiteTeam "SV Seubelsdorf"]
[BlackTeam "Skakforeningen Odysseus"]

1. e4 e5 2. Nf3 Nc6 3. Bc4 Nf6 4. Ng5 d5 5. exd5 Nxd5 6. Nxf7 Kxf7 7. Qf3+ Ke6
8. Nc3 Nce7 9. Qe4 c6 10. d4 Qd6 11. f4 Kd7 12. fxe5 Qg6 13. Qxg6 hxg6 14. Bd2
Kc7 15. O-O-O Nxc3 16. Bxc3 Bf5 17. h3 Be4 18. Rhg1 Nd5 19. Bxd5 cxd5 20. Rdf1
Rc8 21. a3 b6 22. Rf7+ Kb8 23. Rf2 Be7 24. Kb1 Rc7 25. Ka2 Rhc8 26. g3 Bg5 27.
Re2 Rf7 28. h4 Bd8 29. Kb1 g5 30. hxg5 Bxg5 31. g4 Rcf8 32. Bb4 Rf1+ 33. Rxf1
Rxf1+ 34. Ka2 Rf7 35. c3 Kc8 36. Rh2 Kd7 37. Re2 Ke6 38. Rh2 g6 39. Kb3 Bf3 40.
Ka2 Bxg4 41. Rg2 Kf5 42. Rf2+ Bf4 43. Kb1 Ke6 44. Rg2 Bf5+ 45. Ka2 g5 46. Rf2
Be4 47. Rf1 g4 48. Rg1 g3 49. a4 g2 50. Ka3 Be3 51. Rxg2 Bxg2 52. Bd6 Bc1 53.
Ka2 Rf2 54. Ba3 a5 55. Kb3 Bf1 56. Ka2 Bc4+ 57. Kb1 Rf1 58. Kc2 Bg5 59. Bd6
Rc1# 0-1

[Event "26. Schweinfurt Open"]
[Site "Schweinfurt"]
[Date "2016.05.29"]
[Round "7.24"]
[White "Leichum, Engelbert"]
[Black "Wiemann, Daniel"]
[Result "1/2-1/2"]
[WhiteElo "1708"]
[BlackElo "1533"]
[PlyCount "34"]
[EventDate "2016.??.??"]
[WhiteTeam "(vls) Frankfurt"]
[BlackTeam "SV Seubelsdorf"]

1. e4 e6 2. d4 d5 3. Nc3 Nf6 4. Bd3 c5 5. dxc5 Bxc5 6. e5 Nfd7 7. Nf3 Nc6 8.
Bf4 Qc7 9. Qe2 a6 10. O-O Nd4 11. Nxd4 Bxd4 12. Qg4 Nxe5 13. Qg3 f6 14. Kh1 g5
15. Bxe5 Bxe5 16. Qh3 Qf7 17. Be2 h5 1/2-1/2

[Event "26. Schweinfurt Open"]
[Site "Schweinfurt"]
[Date "2016.05.29"]
[Round "7.26"]
[White "Aigner, Patrick"]
[Black "Hüttinger, Siegfried"]
[Result "1-0"]
[WhiteElo "1305"]
[BlackElo "1513"]
[PlyCount "51"]
[EventDate "2016.??.??"]
[WhiteTeam "Coburger SV"]
[BlackTeam "SC KS Alzenau"]

1. d4 d5 2. e4 dxe4 3. Nc3 Nf6 4. Bg5 Bf5 5. Qe2 c6 6. O-O-O Nbd7 7. f3 exf3 8.
Nxf3 h6 9. Bxf6 Nxf6 10. d5 cxd5 11. Qb5+ Qd7 12. Nxd5 Nxd5 13. Rxd5 Qxb5 14.
Bxb5+ Bd7 15. Bxd7+ Kd8 16. Rhd1 f6 17. R1d3 e5 18. Nd2 Kc7 19. Rc3+ Kd8 20.
Bf5+ Bd6 21. Rxd6+ Ke7 22. Re6+ Kd8 23. Rd3+ Kc7 24. Re7+ Kb8 25. Rc3 a6 26.
Rcc7 1-0

[Event "26. Schweinfurt Open"]
[Site "Schweinfurt"]
[Date "2016.05.29"]
[Round "7.27"]
[White "Lippianowski, Stefan"]
[Black "Klonov, Sofia"]
[Result "1-0"]
[WhiteElo "1163"]
[BlackElo "866"]
[PlyCount "121"]
[EventDate "2016.??.??"]
[WhiteTeam "SV Mattnetz Berlin"]
[BlackTeam "SK München Südost"]

1. e4 c5 2. Bc4 Nc6 3. Nf3 g6 4. Ng5 e6 5. d3 Bg7 6. Na3 d5 7. exd5 exd5 8.
Qe2+ Be6 9. Bb5 h6 10. Nf3 Nf6 11. Ne5 a6 12. Bxc6+ bxc6 13. Nxc6 Qd6 14. Ne5
O-O 15. O-O Rfe8 16. c4 Bg4 17. Qd2 Qxe5 18. f3 Bf5 19. Re1 Qxe1+ 20. Qxe1
Rxe1+ 21. Kf2 Ree8 22. Bf4 Re6 23. Rd1 dxc4 24. Nxc4 Rae8 25. Ne3 Rb6 26. b3 c4
27. Nxc4 Rbe6 28. Ne3 Rd8 29. g4 Bxd3 30. h4 Nd5 31. Rxd3 Bb2 32. Bxh6 Bc1 33.
Nxd5 Red6 34. Nf6+ Kh8 35. Rxd6 Rxd6 36. Ne8 Rd3 37. Bxc1 Rc3 38. Bb2 Kg8 39.
Bxc3 Kf8 40. Nd6 Ke7 41. Bb4 Ke6 42. f4 f6 43. Kf3 g5 44. fxg5 fxg5 45. hxg5
Kd5 46. g6 Ke6 47. g7 Ke7 48. g8=Q a5 49. Qg5+ Ke6 50. Qxa5 Kf6 51. Kf4 Ke6 52.
Qe5+ Kd7 53. Nb7 Kc6 54. Nc5 Kb5 55. a4+ Kc6 56. g5 Kb6 57. Qe6+ Ka7 58. g6 Kb8
59. Qe7 Kc8 60. g7 Kb8 61. g8=R# 1-0

[Event "26. Schweinfurt Open"]
[Site "Schweinfurt"]
[Date "2016.05.29"]
[Round "7.29"]
[White "Maar, Felicitas"]
[Black "Chen, Jiwei"]
[Result "1-0"]
[WhiteElo "1497"]
[BlackElo "908"]
[PlyCount "91"]
[EventDate "2016.??.??"]
[WhiteTeam "SC Fuldatal"]
[BlackTeam "SK Schweinfurt"]

1. e4 e5 2. Nf3 Nc6 3. Bc4 Bc5 4. d3 h6 5. O-O d6 6. Nc3 Nf6 7. h3 O-O 8. Be3
Bb6 9. Ne2 Ne8 10. Ng3 Ne7 11. Nh4 c6 12. a3 d5 13. Ba2 d4 14. Bd2 Bd7 15. Qh5
Bc7 16. Qf3 Be6 17. Bxe6 fxe6 18. Qg4 Qd7 19. Bxh6 Bd8 20. Nh5 Rf7 21. Nf3 Bc7
22. Nh4 Nc8 23. c3 c5 24. c4 a6 25. a4 b6 26. b3 Rb8 27. Bd2 b5 28. a5 bxc4 29.
bxc4 Nb6 30. axb6 Rxb6 31. Ba5 Rb7 32. Bxc7 Nxc7 33. Ng6 Qd6 34. Qg3 Ne8 35.
Nxe5 Rfc7 36. Ng6 Qxg3 37. Nxg3 Rc6 38. f4 Rb3 39. Ne7+ Kf8 40. Nxc6 Nc7 41.
Ne5 Ke7 42. Rfb1 Rxb1+ 43. Rxb1 Kd6 44. Rb6+ Ke7 45. Nh5 a5 46. Nc6+ 1-0